| 000 | 00789nam a22002537a 4500 | ||
|---|---|---|---|
| 001 | 0011731 | ||
| 003 | DO-SdBNP | ||
| 005 | 20180208110423.0 | ||
| 007 | 0011731 | ||
| 008 | 161107b 1999 sp||||| |||| 00| 0 spa d | ||
| 020 | _a84013208 | ||
| 040 |
_aBPMSU _bspa _cBPMSU |
||
| 082 |
_axxxxxxxx _bxxxxxxxx |
||
| 100 | 1 | _aMiralpeix, Assumpta | |
| 245 | 1 | 3 |
_aLa alimentación infantil / _cAssumpta Miralpeix ; ilustración de portada Miguel Zueras |
| 260 |
_aBarcelona : _bPlaza & Janés, _c1999. |
||
| 300 |
_a184 p. : _c18 cm. |
||
| 500 | _aPautas y consejos para una nutrición equilibrada y completa. | ||
| 500 | _aIncluye índice de recetas | ||
| 700 | 1 |
_aZueras, Miguel, _eil. |
|
| 942 |
_2ddc _cBK |
||
| 945 | _ainventariado, 2018 / dg | ||
| 956 |
_aBTAVÁREZ _b10 _c20161107 _d0011731 |
||
| 999 |
_c11813 _d11813 |
||